100 Words Per Minute (WPM) Challenge! - Statistics

General Stats
  • This quiz has been taken 628 times
    606 since last reset
  • The average score is 37 of 101
Answer Stats
Word Same Word % Correct
Welcome Welcome
98%
Morning Morning
96%
Likely Likely
95%
Mostly Mostly
92%
Swift Swift
92%
Truck Truck
92%
Prince Prince
90%
Vision Vision
88%
Villains Villains
87%
Crazy Crazy
86%
Tuesday Tuesday
84%
Brunch Brunch
81%
Danish Danish
80%
Knife Knife
78%
Driver Driver
73%
Behind Behind
66%
Crocodile Crocodile
66%
Humane Humane
65%
Magical Magical
64%
Sparkle Sparkle
64%
Frozen Frozen
63%
Rabbit Rabbit
63%
Banana Banana
62%
Female Female
62%
Magazine Magazine
62%
Prowess Prowess
62%
Perfect Perfect
60%
Surrender Surrender
60%
Misshapen Misshapen
54%
Psychopath Psychopath
53%
Reel Reel
51%
Superhero Superhero
51%
Picture Picture
47%
Column Column
46%
Binary Binary
45%
Circumference Circumference
43%
Downed Downed
43%
Hello Hello
43%
Nomination Nomination
42%
Adventure Adventure
40%
Tenth Tenth
40%
Booze Booze
39%
Hosts Hosts
39%
Hitchhiker Hitchhiker
35%
Mistake Mistake
35%
Unbreakable Unbreakable
33%
Speaking Speaking
32%
Continuum Continuum
31%
Empire Empire
31%
Irony Irony
31%
Bloom Bloom
30%
Fellowship Fellowship
30%
Goodbye Goodbye
30%
Titan Titan
30%
Priest Priest
29%
Spear Spear
29%
Situation Situation
27%
Blessings Blessings
25%
Thieves Thieves
25%
Serving Serving
24%
Chips Chips
23%
Saints Saints
23%
Powerless Powerless
22%
Total Total
21%
Dynamite Dynamite
19%
Swamp Swamp
19%
Marvelous Marvelous
18%
Zebra Zebra
17%
Memory Memory
15%
Texting Texting
15%
Caged Caged
14%
Random Random
14%
Stark Stark
12%
Bathtub Bathtub
11%
Burger Burger
10%
Staple Staple
10%
Challenge Challenge
9%
Media Media
9%
Rescued Rescued
8%
After After
6%
Facts Facts
6%
Songwriter Songwriter
6%
Judging Judging
5%
Update Update
4%
Dalmatians Dalmatians
3%
Finale Finale
3%
Internet Internet
3%
Manage Manage
3%
Meanness Meanness
3%
Polar Polar
3%
Rhythm Rhythm
3%
Second Second
3%
Toilet Toilet
3%
Attention Attention
2%
Bandage Bandage
2%
Blacklight Blacklight
2%
Botswana Botswana
2%
Faster Faster
2%
Gigantic Gigantic
2%
Jumping Jumping
2%
Swimming Swimming
2%
No matching quizzes found
Score Distribution
Percent of People with Each Score
Percentile by Number Answered
Your Score History
You have not taken this quiz since the last reset